• 首页
  • 本馆介绍
  • 公告通知
  • 最新文献
  • 馆藏检索
  • 电子资源
  • 读者导购
  • 参考咨询
  • 我的图书馆
  • 登录
  • 详细信息显示
  • 放入我的书架
  • 预约/预借图书
  • 作者相关作品
  • 分类相关作品
  • 丛书相关作品
  • 出版社相关作品

书目信息

  • 表格格式
  • 工作单格式
  • 卡片格式
题名:
毛泽东与国学
    
 
作者: 李京波 编著
分册:  
出版信息: 北京   西苑出版社  2011.8
页数: 392页
开本: 24cm
丛书名:
单 册:
中图分类: A841.6
科图分类:
主题词: 毛泽东思想研究--国学 , 毛泽东思想研究 , 国学
电子资源:
ISBN: 978-7-5151-0053-1
000 00824nam0 2200253 45
001 1360519343
005 20130530171337.50
010    @a978-7-5151-0053-1@dCNY39.80
100    @a20130513d2011 em y0chiy50 ea
101 0  @achi
102    @aCN@b110000
105    @ay z 000yy
106    @ar
200 1  @a毛泽东与国学@AMao Ze Dong Yu Guo Xue@f李京波编著@FLi Jing Bo Bian Zhu
210    @a北京@c西苑出版社@d2011.8
215    @a392页@d24cm
330    @a本书共分为十二章,主要内容包括:博大精深的国学基础;毛泽东主要思想土壤——国学;大师中的大师;毛泽东国学活动简历;传统国学文化造就出的军事家等。
606 0  @a毛泽东思想研究@x国学
606 0  @a毛泽东思想研究
606 0  @a国学
690    @aA841.6@v5
701  0 @a李京波@ALi Jing Bo@4编著
801    @aCN@bTANGWEI@c20130522
905    @b0834609-10@dA841.6@e141@f2
    
    毛泽东与国学/李京波编著.-北京:西苑出版社,2011.8
    392页;24cm
    
    
    ISBN 978-7-5151-0053-1:CNY39.80
    本书共分为十二章,主要内容包括:博大精深的国学基础;毛泽东主要思想土壤——国学;大师中的大师;毛泽东国学活动简历;传统国学文化造就出的军事家等。
●
相关链接 在E读中查询图书 在五车中查询图书 在当当中查询图书 在豆瓣中查询图书


正题名:毛泽东与国学     索取号:A841.6/141         预约/预借

序号 登录号 条形码 馆藏地/架位号 状态 备注
1 0834609   208346093   第一样本阅览室/ [索取号:A841.6/141] 在馆    
2 0834610   208346100   第一借阅区/ [索取号:A841.6/141] 在馆    
唐山师范学院图书馆 欢迎您!
大连网信软件有限公司© 版权所有